| 000 | 01147cab a22002655a 4500 | ||
|---|---|---|---|
| 001 | L159363 | ||
| 008 | 161215s2016 xxk 000 0 eng d | ||
| 020 | _a9781911269311 | ||
| 035 | _a(Sirsi) u159363 | ||
| 041 | 0 | _aeng | |
| 100 | 1 | _aHarris, Clare | |
| 245 | 0 | 0 |
_aProperty law and practice _b2016/2017 _h[electronic resource] |
| 260 |
_aGuildford _bCollege of Law Publishing _c2016 |
||
| 300 | _aeBook | ||
| 520 | _aProvides a useful overview and introduction to property law and practice in England and Wales. Looks at the basic principles of land law including rights and interests, registered and unregistered land, conveyancing procedures and processes and different types of home surveys available. Covers leasehold law both residential and commercial including rent reviews. | ||
| 590 | _aKA | ||
| 650 | 2 | 4 | _aEBOOK |
| 651 | 4 |
_aEngland and Wales _y1543- |
|
| 690 |
_aProperty management _96262 |
||
| 690 |
_aCommercial property _96227 |
||
| 690 |
_aResidential property _96266 |
||
| 700 | 1 | _aRodell, Anne | |
| 856 | 4 | 0 |
_uhttps://www.vlebooks.com/ _zView on VLEbooks. Logins for members only from [email protected] |
| 942 | _n0 | ||
| 999 |
_c115836 _d115836 |
||